00679nam a2200229 a 4500001001300000003000900013005001700022008004100039020002300080082001600103100002300119245004700142260003500189300000900224500003500233650000900268700002300277902000800300942000700308952011700315999001700432nice12345678IN_TiNIC20260116014840.0071218s2006 cama grp 000 0 eng  a0745601545 c39500a297.55bHAM aHammoudi, Abdellah aSeason in MaccabNarrative of a Pilgrimage aCambridgebPolity Press c2006 a293p aincludes index and biblioraphy aHajj1 aHammoudi, Abdellah bSRS cBK 001040708StackRoom-aHMIbHMId2008-04-01g395.00l0o297.55 HAMp022157r2008-04-01v395.00w2007-12-18yBK c17255d17255